000 00357nam a22001337a 4500
008 250327b |||||||| |||| 00| 0 eng d
020 _a0340867876
050 _aPH82
_b.S54
100 _aSHEPHEARD John
245 _aTeach Yourself English Grammar
260 _aChicago
_bContemporary Books, McGraw-Hill Companies
_c2003
300 _axii, 323p.
942 _cBK
999 _c2741
_d2741